| 000 | 00948nam a2200253 a 4500 | ||
|---|---|---|---|
| 001 | 27744 | ||
| 003 | BD-RjUL | ||
| 005 | 20211209051209.0 | ||
| 008 | 140327m19531914enk b 001 0 eng d | ||
| 035 | _a(BD-RjUL)27823 | ||
| 040 |
_aIAF _cIAF _dm.c _dBD-RjUL _beng |
||
| 041 | 1 | _aenggre | |
| 082 |
_a922 _bSTJ 1953 |
||
| 245 | 1 | 0 |
_aSt. John Damascene : _bBarlaam and Ioasaph / _cwith and English translation by G. R. Woodward and H. Mattingly. |
| 260 |
_aLondon :, Cambridge, Ma. : _bW. Heinemann, Harvard University Press, _c1914 [Reprinted 1953] |
||
| 300 |
_axxxv, 639, [1] p., [1] leaf of plates ; _c17 cm. _bill . ; |
||
| 500 | _aWork was formerly attributed to St. John Damascene. | ||
| 500 | _aGreek and English on opposite pages. | ||
| 650 | 0 |
_aSaints. _985167 |
|
| 700 | 1 |
_aMattingly, Harold, _d1884-1964. _975269 |
|
| 700 | 1 |
_aWoodward, George Ratcliffe, _d1848-1934 _985168 |
|
| 830 | 0 |
_aLoeb classical library _985171 |
|
| 942 |
_2ddc _cBK |
||
| 999 |
_c27744 _d27744 |
||